Statistics for Top 100 N64 Games

Click here to take the quiz!

General Stats

  • This quiz has been taken 541 times
  • The average score is 29 of 100

Answer Stats

HintAnswer% Correct
#2Super Mario 64
97%
#1The Legend of Zelda: Ocarina of Time
88%
#6Mario Kart 64
87%
#3GoldenEye 007
86%
#5The Legend of Zelda: Majora's Mask
82%
#11Donkey Kong 64
77%
#4Super Smash Bros
74%
#16Mario Party
73%
#7Banjo-Kazooie
71%
#9Star Fox 64
71%
#23Mario Party 2
68%
#29Mario Party 3
67%
#12Banjo-Tooie
64%
#8Perfect Dark
63%
#26Pokemon Stadium
61%
#14Diddy Kong Racing
60%
#13Conker's Bad Fur Day
57%
#10Paper Mario
54%
#28Pokemon Snap
54%
#20Mario Tennis
53%
#24Kirby 64: The Crystal Shards
51%
#50Mario Golf
50%
#32Wave Race 64
47%
#42Pokemon Stadium 2
46%
#40Pilotwings 64
45%
#36Turok: Dinosaur Hunter
43%
#35Yoshi's Story
43%
#18F-Zero X
42%
#78Castlevania
40%
#46Bomberman 64
38%
#94Mortal Kombat 4
36%
#22Star Wars: Rogue Squadron
36%
#391080 Snowboarding
34%
#15Jet Force Gemini
33%
#43Turok 2: Seeds of Evil
33%
#96Superman 64
31%
#84Dr. Mario 64
29%
#56Mega Man 64
29%
#38Resident Evil 2
29%
#72Tony Hawk's Pro Skater
29%
#17Harvest Moon 64
28%
#55Killer Instinct Gold
27%
#25Blast Corps
26%
#79Star Wars: Episode 1: Racer
24%
#65Duke Nukem 64
23%
#31Star Wars: Shadows of the Empire
23%
#59Excitebike 64
22%
#51Quest 64
22%
#48Rayman 2: The Great Escape
20%
#64Tony Hawk's Pro Skater 2
20%
#19WWF No Mercy
20%
#66007: The World is Not Enough
19%
#49Cruis'n USA
19%
#44Pokemon Puzzle League
19%
#21Ogre Battle 64
18%
#95Spider-Man
18%
#71Starcraft 64
18%
#61Snowboard Kids
17%
#30Mystical Ninja starring Goemon
16%
#69NFL Blitz 2001
16%
#37Body Harvest
15%
#52WWF Wrestlemania 2000
15%
#34Mischief Makers
14%
#62Beetle Adventure Racing
13%
#87Cruis'n World
13%
#75Mission: Impossible
13%
#27WCW/NWO Revenge
13%
#45San Francisco Rush
12%
#33Space Station Silicon Valley
12%
#57Sin and Punishment: Successor of the Earth
11%
#86Tetrisphere
11%
#77Wipeout 64
11%
#90BattleTanx
9%
#63Castlevania: Legacy of Darkness
9%
#98Shadowgate 64: Trials of the Four Towers
9%
#68Shadow Man
9%
#58Vigilante 8
9%
#97Cruis'n Exotica
8%
#74Extreme-G
8%
#99Gauntlet Legends
8%
#41Rush 2: Extreme Racing
8%
#89Turok: Rage Wars
8%
#76Wayne Gretzky's 3D Hockey
8%
#67WinBack
8%
#85F-1 World Grand Prix
7%
#92Hydro Thunder
7%
#70International Super Star Soccer '98
7%
#54Rocket: Robot on Wheels
7%
#83Snowboard Kids 2
7%
#91Fighters Destiny
5%
#47Goemon's Great Adventure
5%
#100Iggy's Reckin' Balls
5%
#82NBA Hangtime
5%
#53BattleTanx: Global Assault
4%
#73Command & Conquer
4%
#60Hybrid Heaven
4%
#81Aidyn Chronicles: The First Mage
3%
#88Flying Dragon
3%
#93Lode Runner 3-D
2%
#80Vigilante 8: Second Offense
1%

Score Distribution

Percentile by Number Answered

Percent of People with Each Score

Your Score History

You have not taken this quiz